Deutsche Fußballspieler erraten - Statistiken

Allgemein
  • Dieses Quiz wurde 753 mal gespielt
  • Das Durchschnittsergebnis liegt bei 6 aus 10
Antwortstatistiken
Beschreibung Name % Korrekt
Wer erzielte im WM-Finale 2014 gegen Argentinien den Siegestreffer? Mario Götze
93%
Tempo zählt nicht zu seinen Stärken, eher bekannt für seine hervorragenden Pässe und präzisen langen Zuspiele, beidfüßig, war/ist Mittelfeldstratege eines Klubs, der seine Heimspiele im Estadio Santiago Bernabéu austrägt Toni Kroos
92%
dunkelhäutig, umstrittener Innenverteidiger bei seinem alten Arbeitgeber in der Premier League, stand auch beim Verein, dessen größte Vereinslegende Francesco Totti ist, unter Vertrag Antonio Rüdiger
83%
Weltmeister 2014 (ohne Einsatz), etablierte sich damals bei Hannover 96 zu einem Top-Keeper der 1. Bundesliga, stand auch kurz beim Premier League-Gewinner der Saison 2015/16 unter Vertrag Ron-Robert Zieler
76%
Ex-Kapitän der deutschen Nationalmannschaft, unangefochtene Führungspersönlichkeit am Platz, begann seine Karriere beim Chemnitzer FC, spielte von 2006 bis 2010 für die "Blues" in England, wenn er aus der zweiten Reihe draufhielt, hielt das Publikum den Atem an Michael Ballack
71%
hat einen Nachnamen, unter welchem auch viele spanische/südamerikanische Fußballer bekannt sind, schoss seine Mannschaft mit zahlreichen Toren zur deutschen Meisterschaft 2007, erwies sich danach beim Rekordmeister insbesondere in seiner zweiten und dritten Spielzeit dort als Torgarant (28 bzw. 26 Ligatore), erste Auslandsstation war in der Toskana, wo auch bereits Franck Ribéry spielte Mario Gomez
51%
Nachname besteht aus drei Buchstaben, trat neben Sinan Kurt und Raif Husic in einer bekannten Sky-Reportage auf und schaffte als einziger der drei langfristig den Sprung zu den Profis, ehemaliger Vereins-Teamkollege von Bernd Leno Jonathan Tah
45%
seine Heimstätte war von 2002 bis 2015 das Westfalenstadion, defensiver Mittelfeldspieler, gewann 2012 nach einem fulminanten 5:2-Sieg im Finale erstmals den DFB-Pokal und auch das erste Double in seiner Karriere Sebastian Kehl
45%
sollte Hans-Jörg Butt langfristig beim FC Bayern München beerben, konnte sich jedoch nicht durchsetzen und wechselte daraufhin in die Hauptstadt, dort in mehreren Spielzeiten die Nummer eins gewesen, ehe ihm der Fußballer des Jahres 2018 eines skandinavischen Landes den Stammplatz erfolgreich streitig machte Thomas Kraft
34%
über 1,90 Meter großer Stürmer, war nie in einem Nachwuchsleistungszentrum gewesen und bis 2018 Amateurspieler (Kreis-, Ober- und Regionalliga), wechselte anschließend zu 96, war ursprünglich für die zweite Mannschaft eingeplant, glänzte jedoch in der ersten Runde des DFB-Pokals nach Einwechslung in der Schlussphase mit zwei Toren und erzielte auch bei seinem Bundesligadebüt gegen Werder nur eine Minute nach Einwechslung das 1:1, erster Profivertrag mit 23 folgte daraufhin Hendrik Weydandt
23%
Keine übereinstimmenden Quizze gefunden
Verteilung der Resultate
Anzahl Personen mit jedem Resultat
Perzentil nach korrekt beantworteten Fragen
Ihre Resultats-Entwicklung
Sie haben dieses Quiz noch nicht gespielt